000 00335nam a2200145Ia 4500
008 191201s2009 xx 000 0 und d
082 _a005.133
_bSHW
100 _aSHARMA, Rashmi
245 0 _aWeb Technology
250 _a3rd Rep
260 _aN. Delhi
_bSun India
_c2009
300 _aMISC
650 _aB.Tech(IT)
942 _2ddc
_cBK
999 _c4652
_d4652